000 00593nam a2200181Ia 4500
008 090124s9999 xx 000 0 und d
082 _b42197
100 _aफडके सायली
245 _a गुलाबाचा राजवाडा
250 _a0
260 _b"सुमंगल प्रेस प्रा. लि.,"
300 _a16
600 _aफडके सायली
630 _a गुलाबाचा राजवाडा
700 _aफडके सायली
730 _a गुलाबाचा राजवाडा
942 _cBOOK
999 _c108395
_d108395